XI Roku 2011 wg. Tygodnika "Piłka Nożna" (spoza Europy) - Statystyki

Ogólne statystyki
  • Ten quiz został rozwiązany 132 razy
  • Średni wynik to 8 z 11
Statystyki odpowiedzi
Pozycja Kraj Klub Zawodnik % Poprawnych
ŚN Argentyna Barcelona Lionel Messi
98%
LO Brazylia Real Madryt Marcelo
96%
ŚP WKS Manchester City Yaya Toure
96%
PO Brazylia Barcelona Dani Alves
93%
ŚN Argentyna Atletico / Man City Sergio Aguero
93%
PS Argentyna Real Madryt Angel di Maria
88%
ŚO Argentyna Barcelona Javier Mascherano
84%
ŚO Brazylia Milan Thiago Silva
65%
ŚPO Argentyna Palermo / PSG Javier Pastore
47%
ŚN Brazylia Milan Robinho
45%
BR USA Aston Villa / Tottenham Brad Friedel
17%
Nie znaleziono quizów pasujących do podanych kryteriów
Rozkład punktacji
Procent ludzi z każdym wynikiem
Percentyl według liczby udzielonych odpowiedzi
Twoja historia wyników
Nie rozwiązałeś tego quizu